000 00414nam a2200181Ia 4500
008 151202s9999||||xx |||||||||||||| ||und||
082 _bPNVM-14794
100 _aTHOMPSON EDWARD.
245 _aSUTTEE.
260 _b"ALLEN & UNWIN, LONDON."
260 _c0
300 _a224
600 _aTHOMPSON EDWARD.
630 _aSUTTEE.
700 _aTHOMPSON EDWARD.
730 _aSUTTEE.
942 _cBOOK
999 _c1280779
_d1280776